Statistics for Influential Women by Letter

Click here to take the quiz!

General Stats

  • This quiz has been taken 45 times
    (21 since last reset)
  • The average score is 16 of 25

Answer Stats

Letter Hint Answer % Correct
NEnglish founder of modern nursingFlorence Nightingale
100%
CPolish physicist who studied radioactivityMarie Curie
100%
VQueen of Great Britain and Empress of India, for whom an entire era is namedQueen Victoria
100%
EFirst female aviator to fly solo across the Atlantic OceanAmelia Earhart
100%
GFirst and only female Prime Minister of IndiaIndira Gandhi
100%
PAfrican-American Civil Rights activist who famously refused to give up her seat on a Montgomery busRosa Parks
100%
IQueen of Castille whose marriage to Ferdinand II of Aragon united SpainIsabella I
100%
TStrong-willed Prime Minister of the United KingdomMargaret Thatcher
100%
AIconic French woman who assisted France in the Hundred Years' War.Joan of Arc
95%
FYoung Holocaust victim who wrote about her experience hiding from the NazisAnne Frank
95%
KIconic American deafblind author and lecturerHelen Keller
95%
SAncient Greek lyric poetSappho
85%
OAmerican artist best known for her paintings of enlarged flowersGeorgia O'Keeffe
65%
R"First Lady of the World"Eleanor Roosevelt
65%
DVery private 19th century American poet, considered one of the most significant in US historyEmily Dickinson
55%
BFounder of the American Red CrossClara Barton
40%
YCurrent Pakistani activist for female education and the youngest-ever Nobel Prize winnerMalala Yousafzai
40%
WEnlightenment philosopher, author, and feministMary Wollstonecraft
30%
HSuccessful ancient Egyptian pharaohQueen Hatshepsut
30%
MEntomologist during the Scientific RevolutionMaria Merian
15%
UWorld-class Japanese British classical pianistMitsuko Uchida
15%
LFounder of Girl Scouts of the USAJuliette Gordon Low
15%
ZAmerican multi-sport athleteBabe Didrikson Zaharias
15%
QFirst female and first openly gay Speaker of the New York CouncilChristine Quinn
10%
JBirth name of an American patron of the arts and inventor of the modern braMary Phelps Jacob
10%

Score Distribution

Percentile by Number Answered

Percent of People with Each Score

Your Score History

You have not taken this quiz since the last reset